[Event "ch-city A"]
[Site "Warszawa"]
[Date "2013.05.18"]
[Round "8.15"]
[White "Gluszko, Monika"]
[Black "Kubeczko, Grzegorz"]
[Result "1-0"]
[WhiteElo "1914"]
[BlackElo "2036"]
[PlyCount "101"]
[EventDate "2013.05.11"]
[EventType "swiss"]
[EventRounds "9"]
[EventCountry "POL"]

1. e4 c6 2. c4 d5 3. exd5 cxd5 4. cxd5 Nf6 5. Qa4+ Nbd7 6. Bc4 a6 7. Nc3 g6 8.
Nf3 Bg7 9. d3 O-O 10. Qa3 b6 11. O-O Bb7 12. Re1 Re8 13. Be3 Rc8 14. Rac1 b5
15. Bb3 Nb6 16. Nxb5 axb5 17. Qa7 Rxc1 18. Rxc1 Nbxd5 19. Qxb7 Nxe3 20. fxe3
Qxd3 21. Bxf7+ Kf8 22. Qb6 Bh6 23. Re1 Rc8 24. Kh1 Ng4 25. Qe6 Nf2+ 26. Kg1 Rc2
27. Nd4 Rxb2 28. Bg8 Qc4 29. Qxc4 bxc4 30. Bxc4 Ng4 31. Ne6+ Ke8 32. Nc7+ Kd8
33. Nd5 e6 34. Nf4 Ke7 35. h3 Ne5 36. Bb3 g5 37. Nh5 g4 38. hxg4 Nd3 39. Rd1
Bxe3+ 40. Kh2 Nf2 41. Re1 Nxg4+ 42. Kh3 Nf2+ 43. Kg3 Ba7 44. Rxe6+ Kd8 45. Rd6+
Kc7 46. Rh6 Ne4+ 47. Kf4 Ng5 48. Kxg5 Be3+ 49. Nf4 Rxg2+ 50. Kf5 Rg7 51. Nd5+
1-0

[Event "ch-city A"]
[Site "Warszawa"]
[Date "2013.05.19"]
[Round "9.1"]
[White "Przedmojski, Rafal"]
[Black "Jarmula, Lukasz"]
[Result "1/2-1/2"]
[WhiteElo "2359"]
[BlackElo "2250"]
[PlyCount "41"]
[EventDate "2013.05.11"]
[EventType "swiss"]
[EventRounds "9"]
[EventCountry "POL"]

1. d4 Nf6 2. c4 g6 3. Nc3 Bg7 4. e4 d6 5. f3 O-O 6. Be3 Nc6 7. Qd2 a6 8. Nge2
Bd7 9. b3 Rb8 10. Rc1 $11 e6 11. Nd1 Re8 12. Nf2 b5 13. c5 dxc5 14. Rxc5 e5 15.
d5 Nd4 16. Nxd4 exd4 17. Bxd4 Bf8 18. Be2 Bxc5 $11 19. Bxc5 c6 20. d6 Be6 21.
O-O 1/2-1/2

[Event "ch-city A"]
[Site "Warszawa"]
[Date "2013.05.19"]
[Round "9.2"]
[White "Janczarski, Michal"]
[Black "Maciaga, Marcin"]
[Result "1/2-1/2"]
[WhiteElo "2346"]
[BlackElo "2208"]
[PlyCount "21"]
[EventDate "2013.05.11"]
[EventType "swiss"]
[EventRounds "9"]
[EventCountry "POL"]

1. c4 Nf6 2. Nc3 g6 3. e4 d6 4. d4 Bg7 5. Be2 c5 6. Nf3 cxd4 7. Nxd4 Nc6 8. Be3
Nxd4 9. Bxd4 O-O 10. Qd2 Be6 11. Rc1 $11 1/2-1/2

[Event "ch-city A"]
[Site "Warszawa"]
[Date "2013.05.19"]
[Round "9.3"]
[White "Rudolf, Michal"]
[Black "Strzemiecki, Zbigniew"]
[Result "1/2-1/2"]
[WhiteElo "2364"]
[BlackElo "2443"]
[PlyCount "187"]
[EventDate "2013.05.11"]
[EventType "swiss"]
[EventRounds "9"]
[EventCountry "POL"]

1. e4 e6 2. d4 d5 3. Nd2 dxe4 4. Nxe4 Nd7 5. Bd3 Ngf6 6. Qe2 c5 7. Nxc5 Nxc5 8.
dxc5 Bxc5 9. Nf3 O-O 10. O-O b6 11. Bg5 Bb7 12. Rad1 Qc7 13. Ne5 Rfd8 14. Bxf6
gxf6 15. Qg4+ Kf8 16. Nf3 h5 17. Qh3 Qf4 18. Qg3 Qxg3 19. hxg3 Kg7 20. Be2 Kh6
21. Rxd8 Rxd8 22. Rd1 Rxd1+ 23. Bxd1 Bd6 24. Nd4 f5 25. f4 h4 26. Kf2 hxg3+ 27.
Kxg3 Kg6 28. c3 Kf6 29. Bf3 Be4 30. Be2 Ke7 31. Bc4 Bb7 32. a4 a5 33. Bb5 Be4
34. Nc6+ Kf6 35. Nd4 e5 36. fxe5+ Kxe5 37. Nf3+ Kf6+ 38. Kf2 f4 39. Ke2 Bc5 40.
Be8 Bd5 41. Bb5 Kg6 42. Kf1 Kf5 43. Nd2 Be3 44. Bd3+ Kg4 45. Ne4 Bc6 46. Be2+
Kh4 47. Nd6 Bxa4 48. Nxf7 Bb3 49. Nd6 Bc1 50. Nf5+ Kg5 51. Nd4 Bd5 52. b3 Be3
53. Nf3+ Kf6 54. Bd1 Bc6 55. Ke2 Bb5+ 56. c4 Ba6 57. Bc2 Bc5 58. Be4 a4 59.
bxa4 Bxc4+ 60. Bd3 Bd5 61. Bb5 Kf5 62. Bd7+ Ke4 63. Bb5 Bb7 64. Bd3+ Kd5 65.
Bb5 Bc8 66. Nd2 Bg4+ 67. Nf3 Bd6 68. Kd3 Bf5+ 69. Kc3 Be7 70. Bc4+ Kc5 71. Bb5
Bf6+ 72. Kd2 Kb4 73. Ng1 Be4 74. Nf3 Bc3+ 75. Kc1 Kb3 76. Be8 Kc4 77. Nh4 Bd4
78. Kd2 Bf6 79. Nf3 Bc3+ 80. Ke2 Kb3 81. Kf2 Ka3 82. g3 fxg3+ 83. Kxg3 Bc2 84.
Kf2 Bxa4 85. Bf7 b5 86. Ke3 b4 87. Nd4 Kb2 88. Kd3 Bd7 89. Bd5 Bh3 90. Nc6 Bf5+
91. Ke3 b3 92. Nd4 Bxd4+ 93. Kxd4 Kc2 94. Bxb3+ 1/2-1/2

[Event "ch-city A"]
[Site "Warszawa"]
[Date "2013.05.19"]
[Round "9.4"]
[White "Deszczynski, Adam"]
[Black "Grabarczyk, Miroslaw"]
[Result "1/2-1/2"]
[WhiteElo "2371"]
[BlackElo "2470"]
[PlyCount "33"]
[EventDate "2013.05.11"]
[EventType "swiss"]
[EventRounds "9"]
[EventCountry "POL"]

1. e4 e5 2. Nf3 Nf6 3. Nc3 Nc6 4. g3 Bb4 5. Bg2 Bxc3 6. bxc3 Nxe4 7. Nxe5 Nxe5
8. Bxe4 d5 9. Bg2 O-O 10. O-O Re8 11. h3 c6 12. d3 f6 13. a4 Be6 14. a5 Qd7 15.
Kh2 Nf7 16. Be3 Ng5 17. Bxg5 $15 1/2-1/2

[Event "ch-city A"]
[Site "Warszawa"]
[Date "2013.05.19"]
[Round "9.5"]
[White "Adamski, Andrzej"]
[Black "Nurkiewicz, Maciej"]
[Result "1-0"]
[WhiteElo "2270"]
[BlackElo "2379"]
[PlyCount "99"]
[EventDate "2013.05.11"]
[EventType "swiss"]
[EventRounds "9"]
[EventCountry "POL"]

1. e4 c5 2. c3 d5 3. exd5 Qxd5 4. d4 e5 5. dxe5 Qxd1+ 6. Kxd1 Nc6 7. f4 Bf5 8.
Bb5 O-O-O+ 9. Ke1 Nge7 10. Nf3 a6 11. Bc4 f6 12. exf6 gxf6 13. Kf2 b5 14. Bf7
c4 15. Be3 Nd5 16. Bxd5 Rxd5 17. Nbd2 Bd6 18. Nh4 Bd3 19. Ndf3 b4 20. Rhc1 Kd7
21. b3 cxb3 22. axb3 bxc3 23. Rxc3 Bb4 24. Rcc1 Rb8 25. Rd1 a5 26. Nd4 Be4 27.
Nxc6 Kxc6 28. Nf3 Rbd8 29. Rxd5 Rxd5 30. Nd4+ Kb7 31. Rc1 Bc5 32. Nf3 Ba3 33.
Rc4 Bb1 34. Nd2 Bf5 35. Rd4 Rb5 36. h3 Be6 37. g4 Kc6 38. Rd3 Bd5 39. Bd4 Be7
40. h4 Rb8 41. g5 fxg5 42. hxg5 Rf8 43. Ke3 Bd6 44. Be5 Bc5+ 45. Ke2 Be6 46.
Ne4 Bg4+ 47. Kf1 Bb6 48. Rd6+ Kb7 49. Nf6 Bf3 50. Rxb6+ 1-0

[Event "ch-city A"]
[Site "Warszawa"]
[Date "2013.05.19"]
[Round "9.6"]
[White "Malec, Sebastian"]
[Black "Leks, Maria"]
[Result "1/2-1/2"]
[WhiteElo "2170"]
[BlackElo "2091"]
[PlyCount "33"]
[EventDate "2013.05.11"]
[EventType "swiss"]
[EventRounds "9"]
[EventCountry "POL"]

1. d4 d5 2. c4 c6 3. Nf3 Nf6 4. Qb3 dxc4 5. Qxc4 e6 6. g3 b5 7. Qc2 Bb7 8. Bg2
Nbd7 9. Ne5 Nxe5 10. dxe5 Nd5 11. a3 Be7 12. O-O Rc8 13. Nc3 Qb6 $11 14. e4
Nxc3 15. bxc3 c5 16. Be3 O-O 17. f4 $11 1/2-1/2

[Event "ch-city A"]
[Site "Warszawa"]
[Date "2013.05.19"]
[Round "9.8"]
[White "Spicak, Krzysztof"]
[Black "Nowicki, Bartosz"]
[Result "0-1"]
[WhiteElo "1923"]
[BlackElo "2173"]
[PlyCount "76"]
[EventDate "2013.05.11"]
[EventType "swiss"]
[EventRounds "9"]
[EventCountry "POL"]

1. d4 f5 2. Bg5 g6 3. Nd2 Bg7 4. e3 Nf6 5. Bd3 O-O 6. Ngf3 d6 7. h3 Nc6 8. c3
e5 9. d5 Ne7 10. e4 f4 11. c4 h6 12. Bxf6 Bxf6 13. Nb1 Kg7 14. Nc3 a6 15. Qc2
Bd7 16. O-O-O c5 17. dxc6 bxc6 18. Be2 Nc8 19. c5 Be7 20. Rd2 Qc7 21. Rhd1 Rd8
22. Na4 d5 23. exd5 cxd5 24. Rxd5 Bxa4 25. Qxa4 Rxd5 26. Rxd5 Nb6 27. Qe4 Nxd5
28. Nxe5 Qxc5+ 29. Bc4 Qd6 30. Bxd5 Rc8+ 31. Nc6 Bf6 32. Qc4 Rc7 33. Bf3 Rd7
34. Qc2 Qe6 35. b3 Qe1+ 36. Bd1 f3 37. gxf3 Bg5+ 38. Kb2 Rd2 0-1

[Event "ch-city A"]
[Site "Warszawa"]
[Date "2013.05.19"]
[Round "9.9"]
[White "Eggink, Ryszard"]
[Black "Harazinska, Ewa"]
[Result "1-0"]
[WhiteElo "2087"]
[BlackElo "2070"]
[PlyCount "61"]
[EventDate "2013.05.11"]
[EventType "swiss"]
[EventRounds "9"]
[EventCountry "POL"]

1. d4 Nf6 2. c4 e6 3. Nc3 Bb4 4. Qc2 O-O 5. a3 Bxc3+ 6. Qxc3 b6 7. Bg5 h6 8.
Bh4 Bb7 9. f3 d5 10. e3 Nbd7 11. c5 c6 12. b4 bxc5 13. bxc5 a5 14. Nh3 Ne4 15.
Bxd8 Nxc3 16. Bc7 Nb5 17. Bg3 a4 18. Bxb5 cxb5 19. Rb1 Bc6 20. Kd2 Nb8 21. Bxb8
Rfxb8 22. Nf4 Kf8 23. Nd3 Ke7 24. Nb4 Kd7 25. Kd3 f6 26. e4 Re8 27. Rhe1 Rab8
28. Re2 Rbc8 29. Rbe1 Ba8 30. exd5 exd5 31. c6+ 1-0

[Event "ch-city A"]
[Site "Warszawa"]
[Date "2013.05.19"]
[Round "9.10"]
[White "Kaliszewski, Tomasz"]
[Black "Nowak, Lukasz"]
[Result "1-0"]
[WhiteElo "2010"]
[BlackElo "1897"]
[PlyCount "53"]
[EventDate "2013.05.11"]
[EventType "swiss"]
[EventRounds "9"]
[EventCountry "POL"]

1. Nf3 Nf6 2. c4 e6 3. g3 d5 4. d4 dxc4 5. Qa4+ c6 6. Qxc4 b5 7. Qc2 Bb7 8. Bg2
Nbd7 9. O-O a6 10. Rd1 Qb6 11. a4 Rc8 12. Nc3 Be7 13. Ne5 Nxe5 14. dxe5 Ng4 15.
Ne4 Nxe5 16. Qc3 f6 17. Nd6+ Bxd6 18. Rxd6 Kf7 19. Bh3 Rhe8 20. Be3 Qc7 21.
Rad1 c5 22. f4 Bd5 23. fxe5 fxe5 24. Qxe5 Rcd8 25. R1xd5 exd5 26. Qxd5+ Kf8 27.
Bxc5 1-0

[Event "ch-city A"]
[Site "Warszawa"]
[Date "2013.05.19"]
[Round "9.11"]
[White "Sujkowski, Pawel"]
[Black "Kasperkiewicz, Pawel"]
[Result "0-1"]
[WhiteElo "1956"]
[BlackElo "2108"]
[PlyCount "96"]
[EventDate "2013.05.11"]
[EventType "swiss"]
[EventRounds "9"]
[EventCountry "POL"]

1. c4 e5 2. Nc3 Nf6 3. Nf3 Nc6 4. g3 d5 5. cxd5 Nxd5 6. Bg2 Nb6 7. O-O Be7 8.
d3 O-O 9. a3 Be6 10. b4 f6 11. Bb2 Qd7 12. Rc1 a5 13. b5 Nd4 14. Nd2 c5 15.
bxc6 Nxc6 16. Re1 Nd4 17. Nf3 Bb3 18. Qd2 Nc4 19. Nxe5 Nxe5 20. Nb1 Bf7 21. Qe3
Nec6 22. Rc3 Rfe8 23. Qd2 Bd5 24. e4 Bf7 25. f4 Red8 26. Qd1 a4 27. Nd2 b5 28.
Rc1 Rac8 29. e5 f5 30. Nf3 Nxf3+ 31. Qxf3 Nd4 32. Qf2 Rxc1 33. Rxc1 Nb3 34. Rc3
Bd5 35. Qb6 Bxg2 36. Kxg2 Qd5+ 37. Kh3 h6 38. Rc7 Rd7 39. e6 Rxc7 40. Qxc7 Qxe6
41. Be5 Kh7 42. d4 Bf8 43. Qb7 Nd2 44. d5 Qg6 45. Qxb5 Qh5+ 46. Kg2 Qf3+ 47.
Kg1 Ne4 48. Qf1 Bc5+ 0-1

[Event "ch-city A"]
[Site "Warszawa"]
[Date "2013.05.19"]
[Round "9.12"]
[White "Kuciel, Wladyslaw"]
[Black "Kowalska, Elzbieta"]
[Result "1/2-1/2"]
[WhiteElo "2006"]
[BlackElo "1891"]
[PlyCount "93"]
[EventDate "2013.05.11"]
[EventType "swiss"]
[EventRounds "9"]
[EventCountry "POL"]

1. d4 Nf6 2. c4 c5 3. Nf3 g6 4. dxc5 Qa5+ 5. Nc3 Qxc5 6. e4 d6 7. Be2 Bg7 8.
Be3 Qc7 9. O-O O-O 10. h3 Be6 11. Rc1 Na6 12. Ng5 Bd7 13. Bd4 Qd8 14. f4 h6 15.
Nf3 Nc5 16. e5 Ne8 17. exd6 Bxd4+ 18. Qxd4 exd6 19. Nd5 f5 20. b4 Ne6 21. Qe3
Nf6 22. Rfd1 Nc7 23. Nxf6+ Qxf6 24. c5 d5 25. Qe5 Qxe5 26. Nxe5 Be8 27. Bf3 Rd8
28. b5 Bxb5 29. Nxg6 Rfe8 30. Ne5 Bc6 31. Kf2 Ne6 32. g3 Kg7 33. Rd3 Nc7 34.
Ra3 a6 35. Rb3 Re6 36. Rg1 Bb5 37. a4 Bc6 38. Be2 Kf6 39. Nxc6 bxc6 40. Rb6 Rc8
41. Bxa6 Nxa6 42. Rxa6 d4 43. Ra7 Re4 44. Rd7 Rce8 45. Rc7 Re2+ 46. Kf1 Re1+
47. Kf2 1/2-1/2

[Event "ch-city A"]
[Site "Warszawa"]
[Date "2013.05.19"]
[Round "9.13"]
[White "Gluszko, Monika"]
[Black "Borowy, Cezary"]
[Result "0-1"]
[WhiteElo "1914"]
[BlackElo "1842"]
[PlyCount "68"]
[EventDate "2013.05.11"]
[EventType "swiss"]
[EventRounds "9"]
[EventCountry "POL"]

1. e4 c5 2. Nf3 d6 3. d4 cxd4 4. Nxd4 Nf6 5. Nc3 g6 6. Be3 Bg7 7. f3 O-O 8. Qd2
Nc6 9. O-O-O d5 10. Nxc6 bxc6 11. exd5 cxd5 12. Nxd5 Nxd5 13. Qxd5 Qc7 14. Qc5
Qb7 15. Bd4 Bf5 16. Qb5 Qc7 17. Qc5 Qf4+ 18. Be3 Qa4 19. Qc4 Qa5 20. Bd2 Qb6
21. Qb3 Rfc8 22. c3 Qc5 23. Qb5 Qf2 24. Qe2 Qb6 25. Qb5 Qc7 26. g3 Rab8 27. Qa4
Rxb2 28. Kxb2 Bxc3+ 29. Ka3 Qc5+ 30. Kb3 Rb8+ 31. Bb5 Bxd2 32. Rxd2 Rxb5+ 33.
Qxb5 Qxb5+ 34. Kc3 Qa5+ 0-1

[Event "ch-city A"]
[Site "Warszawa"]
[Date "2013.05.19"]
[Round "9.14"]
[White "Kubeczko, Grzegorz"]
[Black "Kielar, Maciej"]
[Result "0-1"]
[WhiteElo "2036"]
[BlackElo "2121"]
[PlyCount "46"]
[EventDate "2013.05.11"]
[EventType "swiss"]
[EventRounds "9"]
[EventCountry "POL"]

1. c4 g6 2. g3 Bg7 3. Bg2 d6 4. Nc3 e5 5. e4 f5 6. exf5 gxf5 7. Qh5+ Kf8 8. d3
Nf6 9. Qd1 Nc6 10. Bg5 h6 11. Bh4 Ne7 12. d4 Ng6 13. dxe5 Nxh4 14. gxh4 Qe7 15.
f4 dxe5 16. fxe5 Qxe5+ 17. Qe2 Ng4 18. O-O-O c6 19. Qxe5 Bxe5 20. Rd8+ Kf7 21.
Rxh8 Bxh8 22. Nh3 Be6 23. b3 Bxc3 0-1

[Event "ch-city A"]
[Site "Warszawa"]
[Date "2013.05.19"]
[Round "9.15"]
[White "Gorecki, Andrzej"]
[Black "Bielecki, Pawel"]
[Result "0-1"]
[WhiteElo "2093"]
[BlackElo "1983"]
[PlyCount "78"]
[EventDate "2013.05.11"]
[EventType "swiss"]
[EventRounds "9"]
[EventCountry "POL"]

1. d4 Nf6 2. c4 g6 3. Nc3 Bg7 4. e4 d6 5. Be2 O-O 6. Nf3 Na6 7. O-O e5 8. Be3
Ng4 9. Bg5 Qe8 10. h3 f6 11. hxg4 fxg5 12. dxe5 dxe5 13. Nxg5 c6 14. Nh3 Nc5
15. b4 Ne6 16. Qd2 Nd4 17. c5 Be6 18. Rac1 Rd8 19. Qe3 h6 20. f4 exf4 21. Nxf4
Bf7 22. Kh1 Kh7 23. g3 Qe7 24. Kg2 Qg5 25. Kh3 Rfe8 26. Bd3 Be6 27. Be2 h5 28.
Kg2 Nxe2 29. Qxe2 Bxg4 30. Qe3 Bd4 31. Qe1 Re7 32. Nh3 Qe5 33. Nf2 Be6 34. Qd2
Red7 35. Ncd1 Rf8 36. Qe2 Qg5 37. Nh3 Bxh3+ 38. Kxh3 Rxf1 39. Qxf1 Qxc1 0-1

[Event "ch-city A"]
[Site "Warszawa"]
[Date "2013.05.19"]
[Round "9.16"]
[White "Goslawski, Michal"]
[Black "Piotrowski, Arkadiusz"]
[Result "1-0"]
[WhiteElo "2149"]
[BlackElo "1971"]
[PlyCount "45"]
[EventDate "2013.05.11"]
[EventType "swiss"]
[EventRounds "9"]
[EventCountry "POL"]

1. e4 c5 2. Nf3 e6 3. Nc3 Nc6 4. Bb5 Nd4 5. O-O a6 6. Bd3 Nc6 7. Re1 e5 8. Nd5
Nf6 9. b4 cxb4 10. Bb2 d6 11. Bc4 Bg4 12. h3 Bh5 13. d4 Bxf3 14. Qxf3 Be7 15.
Rad1 Na5 16. dxe5 Nxc4 17. exf6 Nxb2 18. fxe7 Qa5 19. Qg3 b3 20. Qxg7 Nxd1 21.
Qxh8+ Kd7 22. Qxa8 Qxe1+ 23. Kh2 1-0